Peritos, abogados y viceversa experiencias de un perito mďico /

Detalles Bibliográficos
Autor principal: Sanroque, Daniel
Formato: Libro
Lenguaje:español
Publicado: Barcelona : J. M. Bosch, 2010
Materias:
Acceso en línea:Acceso restringido

MARC

LEADER 00000nam a2200000 a 4500
005 2012010400130.0
007 cr|||| ||||
008 100721s2010 spc 000 0 spa c
017 |a DL SE. 4137-2010 
020 |a 9788476989463  
035 |a 6029 
040 |d vLex 
080 |a 340.69(460) 
090 |c 2885  |d 2885 
100 1 |a Sanroque, Daniel 
245 1 0 |a Peritos, abogados y viceversa   |h [Recurso electrn̤ico] :  |b experiencias de un perito mďico /  |c Daniel Sanroque 
256 |a Servicio en ln̕ea 
260 |a Barcelona :  |b J. M. Bosch,  |c 2010 
300 |a 1 recurso electrn̤ico 
506 1 |a Contenido solo disponible en los productos indicados  |d vLex Global   |d vLex Global (Academic Edition, excluding Law Schools)   |d vLex Global (U.S. Academic Edition, Law Schools)   |d vLex Global (U.S. Academic Edition, excluding Law Schools)   |d vLex Global (Academic Edition, Law Schools)  
650 0 4 |a Medicina legal  |z Espaą 
650 0 4 |a Peritos forenses  |z Espaą 
650 0 4 |a Prueba pericial  |z Espaą 
740 0 |a vLex Libros (Servicio en ln̕ea) 
856 4 0 |u http://vlex.com/source/6029  |z Acceso restringido 
942 |c BOOK 
999 0 |a Medical jurisprudence 
999 0 |a Procedure (Law) 
999 0 |a Evidence, Expert